[Event "84th Tata Steel Masters 2022"]
[Site "Wijk aan Zee"]
[Date "2022.01.21"]
[Round "6.4"]
[White "Dubov, Daniil"]
[Black "Esipenko, Andrey"]
[Result "1/2-1/2"]
[WhiteElo "2720"]
[BlackElo "2714"]
[Annotator "TA"]
[PlyCount "84"]
[EventDate "2022.01.15"]
[EventType "tourn"]
[EventCountry "NED"]
[Tiebreak "Direct encounter+Number of black games"]
[SourceTitle "playchess.com"]
[Source "ChessBase"]
[SourceQuality "1"]

{[%evp 23,84,4,10,12,16,19,6,8,15,18,16,17,35,45,33,45,42,5,50,48,45,44,58,58,
54,60,48,56,69,58,58,53,78,91,81,85,90,37,37,40,37,35,79,13,9,-8,0,0,0,0,0,0,0,
0,0,0,0,0,0,-29994,0,0,0]} 1. Nf3 Nf6 2. g3 d5 3. Bg2 e6 4. O-O Be7 5. d4 O-O
6. c4 dxc4 7. Qa4 a6 8. Qxc4 b5 9. Qc2 Bb7 10. Bd2 Be4 11. Qc1 Bb7 12. Bf4 Nd5
13. Nc3 {E05: Open Catalan: 5 Nf3 Be7.} Nxf4 14. Qxf4 Nd7 15. Rfd1 Bd6 {
This bishop pair is nice.} 16. Ne5 Bxg2 17. Kxg2 f6 {[#]} 18. Nc6 $1 {[#]} Qe8
$146 (18... Bxf4 19. Nxd8) ({Predecessor:} 18... Bxf4 19. Nxd8 Rfxd8 20. gxf4
c5 21. a4 cxd4 22. Rxd4 Nb6 23. Rxd8+ Rxd8 24. axb5 axb5 25. Nxb5 {½-½ (31)
Elyoseph,H (2428)-Schmidt,T (2433) ICCF email 2019}) 19. Qf3 f5 20. b4 e5 (
20... Nf6 $11 {feels stronger.}) 21. dxe5 $14 Nxe5 22. Nxe5 Bxe5 23. Rac1 c6
24. Nb1 Rf6 25. Nd2 a5 26. bxa5 Rxa5 27. Rc5 {[%cal Od2c4] [#] Black must now
prevent Nc4!} Ra6 28. Qe3 Re6 {Hoping for ...Bd6.} 29. Qb3 Kh8 30. e4 (30. e3
$16) 30... f4 31. Nf3 Ra8 32. Rdc1 h6 {Inhibits Ng5.} (32... Ra6 $1 $14 {
should be considered.}) 33. g4 (33. Nxe5 $16 Rxe5 34. Rxc6) 33... Bc7 $11 34.
Qc2 {[%cal Rc5c6]} Bb6 35. Rxc6 Rxa2 $1 36. Qxa2 Rxc6 37. Rxc6 Qxc6 38. e5 b4
39. Qf7 Qc5 {Prevents Qf8+.} 40. Kh3 {Strongly threatening g5.} Qxf2 41. Qe8+
Kh7 42. Ng5+ $1 hxg5 {Weighted Error Value: White=0.31/Black=0.06 (flawless)}
1/2-1/2

[Event "84th Tata Steel Masters 2022"]
[Site "Wijk aan Zee"]
[Date "2022.01.21"]
[Round "6.5"]
[White "Caruana, Fabiano"]
[Black "Giri, Anish"]
[Result "0-1"]
[WhiteElo "2792"]
[BlackElo "2772"]
[Annotator "TA"]
[PlyCount "102"]
[EventDate "2022.01.15"]
[EventType "tourn"]
[EventCountry "NED"]
[Tiebreak "Direct encounter+Number of black games"]
[SourceTitle "playchess.com"]
[Source "ChessBase"]
[SourceQuality "1"]

{[%evp 20,102,0,2,10,0,0,0,9,0,20,0,0,0,0,0,10,-33,-48,-78,-67,-110,-66,-71,
-56,-64,-35,-51,47,34,35,38,40,43,52,-5,16,12,26,16,18,18,116,0,0,-9,0,-87,-80,
-136,-138,-149,-161,-150,-121,-216,-56,-47,-47,-38,0,-751,-637,-702,-749,-714,
-703,-762,-365,-377,-376,-939,-939,-939,-939,-1961,-1952,-1314,-846,-29982,
-29983,-29983,-29984,-29984,-29972]} 1. Nf3 d5 2. b3 Bf5 3. Bb2 e6 4. g3 h6 5.
Bg2 Nf6 6. O-O Be7 7. d3 O-O 8. Nbd2 a5 9. a3 c6 10. Re1 Bh7 11. e4 Nbd7 $1 {
[%mdl 4] now scores much better than the old 11...Na6. A07: Réti Opening: New
York and Capablanca Systems.} 12. Qe2 Qb6 13. a4 {[#]} Rfc8 $146 {The position
is equal.} ({Predecessor:} 13... dxe4 14. dxe4 Nc5 15. Nc4 Qa6 16. e5 Nd5 17.
Nd4 Rfd8 18. h4 Nb4 19. Na3 Qxe2 20. Rxe2 {0-1 (73) Ternault,M (2324)-Flom,G 
(2499) Europe Echecs INT 2020}) 14. Rac1 Bc5 15. e5 Ne8 {[%cal Bf6e8,Be8c7,
Bc7a6][%mdl 32]} 16. Nf1 Qd8 17. Ne3 Nc7 18. Kh1 (18. d4 $11 {feels stronger.}
Be7 19. Nd2) 18... b5 $15 19. Nd4 bxa4 20. bxa4 (20. Nxc6 $15 Qe8 21. c4 (21.
bxa4 Nb6 $17)) 20... Nb6 (20... Na6 $17) 21. Ra1 Na6 22. Nb3 Be7 23. f4 {
[%cal Of4f5]} (23. Nxa5 Nc5 24. Nb3 Nbxa4 25. Nxc5 Bxc5 $17) 23... Qd7 (23...
Nb4 $15) 24. f5 $1 $14 (24. Nxa5 Nc5 25. Bc3 Nbxa4 $17) 24... exf5 25. Qf3 Nc5
26. Nxc5 Bxc5 27. d4 (27. Bh3 $1 $14) 27... Be7 28. Bh3 $1 {[%cal Re3f5]} g6
29. g4 {[%cal Rg4f5] Prevents h5.} f4 30. g5 Qa7 {[#]} (30... Qe8 $1 $11 {
keeps the balance.} 31. e6 (31. Qxf4 Bxg5 32. Qf2 Bxe3 $11) (31. Bxc8 fxe3 32.
Bh3 Nc4 $11) 31... fxe3 32. Rxe3 Bxg5 33. exf7+ Qxf7) 31. Bxc8 ({Don't play} 
31. Qxf4 $6 Bxg5 32. Qf2 Bxe3 33. Rxe3 Nc4 $14) ({Better is} 31. Ng4 $1 $16 {
[%cal Rg4h6]} hxg5 32. Ba3) 31... fxe3 $11 32. e6 Bxg5 33. Bd7 (33. Qxf7+ $11 {
remains equal.} Qxf7 34. exf7+ Kxf7 35. Bb7) 33... fxe6 $17 34. Bxe6+ (34. Bxc6
$142 Rf8 35. Qg4) 34... Kh8 35. Ba3 {[#]} Nc4 $1 (35... Nxa4 $2 36. Bd6 Bg8 37.
Be5+ Kh7 38. Bxg8+ Kxg8 39. Rxa4 $18) 36. Bc5 Qg7 {White must now prevent ...
Nd2.} 37. Qg4 (37. Bh3 $17) 37... Bf6 $2 ({Black should try} 37... Re8 $19 {
aiming for ...Qf6.} 38. Rad1 Bg8 39. Bxg8 Kxg8) 38. Rab1 $15 g5 39. Bf5 {
Inhibits Be4+.} Re8 (39... Bxf5 {seems wilder.} 40. Qxf5 Qf7 41. Rf1 Nd2 42.
Rb7 Qxb7 43. Qxf6+ Qg7) 40. Rb6 $2 {[%mdl 8192]} Nxb6 41. Bxb6 Bxf5 42. Qxf5
Bxd4 43. Bxa5 Bc3 (43... Rf8 $142 44. Qg4 Rf2) 44. Bxc3 $19 Qxc3 {[%mdl 4096]
Endgame KQR-KQR} 45. Kg2 $2 (45. Re2 Re4 46. Qf7) 45... Qd2+ ({Weaker is} 45...
Qxe1 46. Qf6+ Kh7 47. Qf7+ Kh8 48. Qf6+ Kh7 49. Qf7+ Kh8 50. Qf6+ $11) 46. Kf1
Kg7 {( -> ...Rf8)} 47. Qd7+ Kf6 {[%csl Ge3][%cal Rd2f2]} 48. Qd6+ Kf5 {[%csl
Ge3][%cal Rd2f2]} 49. Qd7+ Re6 {[%csl Ge3][%cal Rd2f2] Black mates.} 50. Qh7+
Kg4 {[%csl Ge3][%cal Rd2f2]} 51. Qf7 Re4 {Weighted Error Value: White=0.64/
Black=0.39} 0-1

[Event "84th Tata Steel Masters 2022"]
[Site "Wijk aan Zee"]
[Date "2022.01.21"]
[Round "6.6"]
[White "Karjakin, Sergey"]
[Black "Van Foreest, Jorden"]
[Result "1-0"]
[WhiteElo "2743"]
[BlackElo "2702"]
[Annotator "TA"]
[PlyCount "129"]
[EventDate "2022.01.15"]
[EventType "tourn"]
[EventCountry "NED"]
[Tiebreak "Direct encounter+Number of black games"]
[SourceTitle "playchess.com"]
[Source "ChessBase"]
[SourceQuality "1"]

{[%evp 10,129,27,21,25,7,39,11,13,10,0,1,11,20,2,21,21,33,29,20,25,24,32,16,51,
35,60,59,59,65,56,55,73,74,106,83,114,113,102,92,116,118,140,128,145,86,84,0,
143,145,141,122,141,135,132,127,126,129,141,137,137,129,149,149,150,148,148,
148,148,148,148,148,142,142,173,154,196,186,211,206,211,156,156,156,197,201,
201,201,201,201,208,201,208,208,208,208,208,208,208,208,208,219,237,237,254,
244,259,213,220,0,360,360,529,534,535,528,528,521,887,870,799,650]} 1. e4 e5 2.
Nf3 Nc6 3. Bc4 Nf6 4. d3 Bc5 5. c3 d6 6. O-O a5 {C54: Giuoco Piano: 4 c3 Nf6,
main lines with 5 d4 and 5 d3.} 7. Re1 (7. Bg5 $5 {[%cal Rd3d4]}) 7... Ba7 8.
Na3 h6 {The position is equal.} 9. Nb5 {[#]} Bb8 $146 ({Predecessor:} 9... Bb6
10. h3 O-O 11. Be3 Bxe3 12. Rxe3 Bd7 13. a4 Ne7 14. d4 Ng6 15. Qb3 Qb8 {
½-½ (36) Marbourg,D (2477)-Fabri,L (2392) ICCF email 2021}) 10. d4 O-O 11. h3
Re8 12. Bd3 Ne7 13. c4 Ng6 14. Be3 c6 15. Nc3 Ba7 16. Qd2 Nh5 17. Bf1 Qf6 18.
d5 Bxe3 19. Qxe3 c5 20. g3 a4 21. Nd2 Qg5 22. Nb5 {And now Qxg5 would win.} Rd8
23. Qxg5 hxg5 24. b4 b6 25. Rab1 Kf8 26. Re3 Ke7 27. Nc7 (27. Ra3 $142) 27...
Ra7 $16 {[#]} 28. Nb5 {White is more active.} (28. bxc5 $142 $1 bxc5 29. Nb5)
28... Ra8 $1 29. Ra3 Bd7 30. Nc3 Ra7 31. b5 Rda8 32. Be2 Nf6 33. Kg2 Kd8 34.
Rh1 Kc7 35. Bd1 Ng8 36. Rxa4 Rxa4 37. Bxa4 Nh6 38. Bd1 Ra3 39. Ndb1 Ra8 40. a4
f6 41. Nd2 {[%cal Bb1d2,Bd2f1,Bf1e3,Be3g4][%mdl 32]} Ng8 42. Nf1 N8e7 (42...
Nh6 $16 {keeps fighting.} 43. Nd2 Ne7) 43. Ne3 $18 Rh8 44. Bg4 Bxg4 45. Nxg4
Ra8 46. Ne3 Rh8 (46... Kd7 $16 47. Kf3 Kc7) 47. Ra1 Ra8 48. Nb1 Nf8 49. Nd2 Nd7
50. Nb3 Rh8 51. a5 bxa5 52. Rxa5 {Threatens to win with Ra7+.} Nc8 {To avoid
Ra7+} 53. Ra6 {Rc6+ is the strong threat.} Ndb6 54. Na5 Rf8 55. Nf5 Rf7 56. h4
gxh4 57. Nxh4 ({Don't play} 57. gxh4 $6 g6 $18) 57... Rf8 58. Kh3 Rh8 {Hoping
for ...g5.} 59. Kg2 $2 (59. Kg4 $18) 59... Rh7 $2 {[%mdl 8192]} (59... Rf8 $1
$11) 60. Ng6 Nd7 (60... Rh6 {was called for.}) 61. Nc6 {White is clearly
winning.} Ndb6 62. Nf8 Rh8 63. Ne6+ Kd7 64. Na7 Nxc4 {[#]} 65. Rc6 $1 {
Weighted Error Value: White=0.10 (very precise) /Black=0.21 (precise)} 1-0

[Event "84th Tata Steel Masters 2022"]
[Site "Wijk aan Zee"]
[Date "2022.01.21"]
[Round "6.7"]
[White "Shankland, Sam"]
[Black "Praggnanandhaa R"]
[Result "1/2-1/2"]
[WhiteElo "2708"]
[BlackElo "2612"]
[Annotator "TA"]
[PlyCount "55"]
[EventDate "2022.01.15"]
[EventType "tourn"]
[EventCountry "NED"]
[Tiebreak "Direct encounter+Number of black games"]
[SourceTitle "playchess.com"]
[Source "ChessBase"]
[SourceQuality "1"]

{[%evp 20,55,31,10,33,36,41,30,37,36,64,49,43,57,42,30,58,26,27,8,8,15,17,0,0,
0,0,0,0,0,0,0,0,0,0,0,0,0]} 1. e4 c5 2. Nf3 Nc6 3. d4 cxd4 4. Nxd4 Nf6 5. Nc3
e5 6. Ndb5 d6 7. Nd5 Nxd5 8. exd5 Ne7 9. c4 Ng6 10. Qa4 Bd7 11. Qb4 $1 Qb8 {
B33: Sicilian: Pelikan and Sveshnikov Variations.} 12. h4 {And now h5 would
win.} h5 13. Be2 a6 {White has an edge.} 14. Nc3 Be7 15. g3 {White is more
active.} b5 16. cxb5 axb5 17. Nxb5 O-O 18. a4 {Black should prevent 0-0.} f5
19. Bxh5 {aiming for Bg5.} Bxb5 {The position is equal.} 20. Bxg6 {[#]
Threatens to win with Bg5.} Bd8 {[#] Hoping for ...Ba5.} 21. Qb3 $146 ({
Predecessor:} 21. Bd2 Qb7 22. Qb3 Qb6 23. Qc3 Qb7 24. Qb3 Qb6 25. Qc3 Qb7 {
½-½ (25) Arjun,K (2503)-Ivic,V (2571) Riga 2021}) 21... Ba5+ 22. Bd2 Bxd2+ $1
23. Kxd2 Qa7 {[%csl LRa4,LRf2] [#] ( -> ...Qd4+)} 24. Qe3 ({Avoid the trap} 24.
Qxb5 $2 Rab8 25. Qd3 Qxf2+ 26. Kd1 Qxb2 $19) 24... Qa5+ 25. Qc3 Qb6 26. Qe3
Qa5+ 27. Qc3 Qb6 28. Qe3 {Weighted Error Value: White=0.03 (flawless) /Black=0.
03 (flawless)} 1/2-1/2

[Event "84th Tata Steel Masters 2022"]
[Site "Wijk aan Zee"]
[Date "2022.01.22"]
[Round "7.1"]
[White "Praggnanandhaa R"]
[Black "Carlsen, Magnus"]
[Result "0-1"]
[WhiteElo "2612"]
[BlackElo "2856"]
[Annotator "TA"]
[PlyCount "68"]
[EventDate "2022.01.15"]
[EventType "tourn"]
[EventCountry "NED"]
[Tiebreak "Direct encounter+Number of black games"]
[SourceTitle "playchess.com"]
[Source "ChessBase"]
[SourceQuality "1"]

{[%evp 12,68,23,17,16,15,10,29,11,20,24,28,14,13,20,28,37,24,47,-2,20,17,15,15,
14,2,0,-36,-36,-70,-46,-58,-67,-66,-46,-177,-158,-177,-174,-187,-164,-210,-192,
-201,-212,-291,-95,-230,-257,-956,-913,-1150,-1153,-1173,-1164,-1295,-1291,
-1171,-1110]} 1. d4 d5 2. c4 e6 3. Nf3 dxc4 4. e3 a6 5. Bxc4 Nf6 6. O-O c5 7.
b3 {7.Re1 is the recent fashion.} b6 {D27: Queen's Gambit Accepted: Classical
main line: 7 e4!? and 7 a4.} 8. Ba3 Nbd7 9. d5 exd5 {White has an edge.} 10.
Bxd5 Rb8 11. Bb2 Be7 $1 12. Nc3 O-O 13. Qc2 {[#]} b5 $5 $146 {[%mdl 8]
Strongly threatening ...b4. New and interesting.} ({Predecessor:} 13... Qc7 14.
Rad1 b5 15. Be4 Nb6 16. Bd3 Bb7 17. Ne4 Nxe4 18. Bxe4 Bxe4 19. Qxe4 Rbe8 {
1-0 (47) Romig,J (2141)-Domingo Gadea,J (1892) FICGS email 2018}) 14. Rfd1 Qc7
15. a4 (15. Ng5 $14 {might be stronger.}) 15... h6 (15... b4 $5 {[%cal Rb4c3]}
16. Ne4 Nxd5 17. Rxd5 Bb7 $11) 16. axb5 axb5 {[%cal Ba6b5,Bb5b4][%mdl 32]} 17.
Qe2 Qb6 18. e4 Re8 19. Qd2 Bf8 20. Qf4 b4 21. Na4 {[#]} Nxd5 22. Rxd5 Qe6 {
Threatens to win with ...Bb7.} 23. Rad1 (23. Nxc5 $15 Bxc5 24. Rxc5) 23... Ra8
{[%cal Oc5c4]} 24. Qc1 Qxe4 25. h3 ({Don't play} 25. Rxd7 Bxd7 26. Rxd7 Rad8)
25... Ra7 26. Qd2 (26. R5d4 {might work better.} cxd4 27. Re1 Qxe1+ 28. Nxe1)
26... Qg6 {[%cal Oc5c4]} 27. Nh4 Qe6 28. Nf5 {[%cal Ob2g7] [#]} c4 $2 (28...
Bb7 $1 $19 29. Nxh6+ Qxh6 30. Rxd7 (30. Qxh6 $2 Bxd5 31. Qg5 Bxb3 $19) 30...
Qg6) 29. Qd4 (29. Bxg7 $17 Bxg7 30. Nxg7 Kxg7 31. Rd6) 29... Nf6 $19 30. Nb6 (
30. Nxh6+ gxh6 31. Qxf6) 30... c3 {[%cal Bc4c3,Bc3b2][%mdl 32] Black is
clearly winning.} 31. Nxc8 Qxd5 32. Qxd5 Nxd5 33. Nxa7 cxb2 34. Rb1 Re2 {
Weighted Error Value: White=0.62/Black=0.09 (flawless)} 0-1

[Event "84th Tata Steel Masters 2022"]
[Site "Wijk aan Zee"]
[Date "2022.01.22"]
[Round "7.2"]
[White "Rapport, Richard"]
[Black "Mamedyarov, Shakhriyar"]
[Result "1/2-1/2"]
[WhiteElo "2763"]
[BlackElo "2767"]
[Annotator "TA"]
[PlyCount "57"]
[EventDate "2022.01.15"]
[EventType "tourn"]
[EventCountry "NED"]
[Tiebreak "Direct encounter+Number of black games"]
[SourceTitle "playchess.com"]
[Source "ChessBase"]
[SourceQuality "1"]

{[%evp 11,57,0,13,0,7,10,0,2,8,10,12,21,23,13,16,16,11,14,11,17,33,0,0,0,23,0,
0,0,0,0,0,0,0,0,0,0,0,0,0,0,0,0,0,0,0,0,21,10]} 1. e4 c5 2. Nf3 e6 3. d4 cxd4
4. Nxd4 Nf6 5. Nc3 Nc6 6. a3 d5 7. exd5 {B45: Sicilian Four Knights.} Nxd5 8.
Nxd5 Qxd5 9. Nxc6 {[#]} Qxc6 $146 ({Predecessor:} 9... bxc6 10. Qxd5 cxd5 11.
Bf4 Bc5 12. Be2 Bd7 13. O-O O-O 14. Rfd1 a5 15. b3 Bc6 {0-1 (36) Rak,J (1428)
-Janeczko,J (1532) Warsaw 2018}) 10. Be3 Bd7 11. Qd2 Bc5 12. O-O-O {[#] Hoping
for Bxc5.} Bxe3 13. Qxe3 Rc8 {[%csl Gc8][%cal Rc6c2]} 14. c3 {Active counter
play!} Qc5 $1 15. Qg3 ({Don't play} 15. Qd2 Ba4 16. Re1 O-O $15) 15... g6 16.
Bd3 Ba4 17. Rd2 b5 18. Qf4 a5 {[%cal Ba7a5,Ba5b4][%mdl 32] The position is
equal.} 19. Qf6 O-O {White must now prevent ...b4.} 20. h4 $1 {[%cal Bh2h4,
Bh4h5,Bh5g6][%mdl 32] And now h5! would win.} b4 21. h5 $1 h6 $1 {[%cal Rb4c3,
Bh7h6,Bh6g5][%mdl 32]} (21... bxc3 $2 {[#]} 22. h6 $1 cxb2+ 23. Kxb2 Qc3+ 24.
Qxc3 $18) 22. axb4 {Really sharp!} axb4 23. c4 Qg5 24. Qxg5 hxg5 25. hxg6 Bb3
26. Rh5 Bxc4 27. Bxc4 Rxc4+ 28. Kd1 fxg6 29. Rxg5 {A balanced but interesting
game.  Weighted Error Value: White=0.02 (flawless) /Black=0.02 (flawless)}
1/2-1/2

[Event "84th Tata Steel Masters 2022"]
[Site "Wijk aan Zee"]
[Date "2022.01.22"]
[Round "7.3"]
[White "Van Foreest, Jorden"]
[Black "Vidit, Santosh Gujrathi"]
[Result "1-0"]
[WhiteElo "2702"]
[BlackElo "2727"]
[Annotator "TA"]
[PlyCount "85"]
[EventDate "2022.01.15"]
[EventType "tourn"]
[EventCountry "NED"]
[Tiebreak "Direct encounter+Number of black games"]
[SourceTitle "playchess.com"]
[Source "ChessBase"]
[SourceQuality "1"]

{[%evp 15,85,23,17,18,32,0,9,0,0,0,0,0,0,0,0,0,0,0,41,-29,0,0,0,0,0,0,0,0,0,0,
0,-40,0,0,0,0,94,-8,-26,-45,5,0,0,0,0,0,0,0,0,0,0,0,0,0,20,18,12,21,446,450,
460,437,908,921,924,919,877,870,754,757,699,650]} 1. d4 Nf6 2. c4 e6 3. Nc3 Bb4
4. Qc2 O-O 5. a3 Bxc3+ 6. Qxc3 d5 7. Nf3 dxc4 8. Qxc4 b6 9. Bg5 {E36:
Nimzo-Indian: Classical: 4...d5 5 a3.} Bb7 10. Ne5 $5 {[%mdl 4] An interesting
side line.} Qd6 11. e3 {[#] The position is equal.} c5 $146 ({Predecessor:} 
11... Bd5 12. Qd3 Nbd7 13. Nxd7 Nxd7 14. f3 h6 15. Bf4 e5 16. dxe5 Nxe5 17. Qd4
Rfe8 18. e4 Nxf3+ 19. gxf3 Qxf4 20. Qxd5 Qxf3 {0-1 (20) Radovic,G (1837)
-Milovanovic,S (2069) Nis 2019}) 12. Bf4 {[%cal Oe5g6] Strongly threatening
Ng6!} Qe7 13. dxc5 Rc8 {To avoid c6} 14. Be2 Rxc5 15. Qd4 Nd5 16. Bg3 f6 (16...
Nc6 $11 17. Nxc6 Rxc6) 17. Nc4 (17. Nd3 $14) 17... Ba6 {aiming for ...Nc6.} 18.
b3 $1 Nc6 19. Qb2 {Bd6 is the strong threat.} e5 20. Rd1 Na5 21. O-O Nxc4 22.
bxc4 Nc7 23. Qb3 Qe6 {[%cal Ra6c4]} 24. f4 exf4 25. Rxf4 Re8 {[#]} (25... Rc8
$11) 26. Bf2 (26. Rfd4 $1 $16) 26... Qf7 27. Rfd4 Bc8 ({Better is} 27... Ne6 $1
$15 28. Rd7 Re7 29. Rxe7 Qxe7) 28. Bg3 Ne6 29. Rd5 Rxd5 30. cxd5 Nc5 31. Qc3
Ne4 32. Qd4 Bd7 33. Bf4 g5 34. Bc7 Kg7 35. Rf1 Qe7 36. Bh5 Rc8 {[%mdl 8192]
This move loses the game for Black.} (36... Rf8 $1 $11 {and Black has nothing
to worry.}) 37. d6 $18 {White is clearly winning.} Qe6 38. Bf3 {[%cal Bh5f3,
Bf3d5,Bd5e6][%mdl 32]} Nc5 (38... Nxd6 $142 39. Bxd6 Rc4) 39. Bd5 Qe5 40. Qxe5
fxe5 41. Rf7+ Kg6 {[#]} 42. Rxd7 $1 {[%mdl 512]} Nxd7 43. Be6 {Weighted Error
Value: White=0.15 (very precise) /Black=0.28 (precise)} 1-0

[Event "84th Tata Steel Masters 2022"]
[Site "Wijk aan Zee"]
[Date "2022.01.22"]
[Round "7.4"]
[White "Esipenko, Andrey"]
[Black "Shankland, Sam"]
[Result "1/2-1/2"]
[WhiteElo "2714"]
[BlackElo "2708"]
[Annotator "TA"]
[PlyCount "102"]
[EventDate "2022.01.15"]
[EventType "tourn"]
[EventCountry "NED"]
[Tiebreak "Direct encounter+Number of black games"]
[SourceTitle "playchess.com"]
[Source "ChessBase"]
[SourceQuality "1"]

{[%evp 11,102,35,23,0,3,0,0,0,0,0,0,0,0,0,0,0,15,14,16,14,16,11,18,15,9,10,12,
12,12,12,6,12,12,0,0,0,0,0,0,0,0,0,0,0,0,0,0,0,58,60,104,116,138,89,106,81,113,
106,141,96,302,67,55,32,64,38,34,49,42,45,45,39,32,65,21,20,19,11,10,0,8,8,6,8,
8,8,8,8,8,8,9,0,0]} 1. e4 c5 2. Nf3 e6 3. d4 cxd4 4. Nxd4 Nc6 5. Nc3 {[%cal
Bb1c3,Bc3e2,Be2g3,Bg3h5][%mdl 32]} Qc7 6. Be3 a6 7. g4 {B48: Sicilian:
Taimanov: 5 Nc3 Qc7 6 Be3 a6 without Be2.} b5 {[%cal Bb7b5,Bb5b4][%mdl 32]} 8.
Nxc6 Qxc6 9. Qd2 b4 10. Ne2 Qxe4 11. Rg1 Qc4 12. Ng3 Qc7 13. O-O-O Ne7 14. Nh5
{[%mdl 1024] White has compensation.} Nd5 15. Bd4 Rg8 (15... Qxh2 $2 16. Rg3
Bb7 17. Bg2 $18 (17. Nxg7+ Bxg7 18. Bxg7 Rg8 $14)) 16. Qd3 {[#]} g6 $146 {[#]}
(16... Qxh2 $2 17. Qxh7 $1 Qxg1 18. Qxg8 $18) ({Predecessor:} 16... b3 17. Qxb3
Rb8 18. Qc4 Qa5 19. Ba7 Ra8 20. Rxd5 exd5 21. Qe2+ Kd8 22. Bd4 Bc5 23. Bxg7
Rxg7 24. Nxg7 {0-1 (28) Raja,H (2484)-Gledura,B (2652) Dulles 2022}) 17. Bg2 $1
gxh5 (17... Bb7 18. Bxd5) 18. Bxd5 Bb7 (18... exd5 $2 19. Rde1+ Be7 20. Qxh7
Qf4+ 21. Be3 Qxe3+ 22. Rxe3 $18) 19. Bxb7 Qxb7 20. gxh5 Rxg1 21. Rxg1 Qd5 22.
b3 f5 23. Qe3 Qe4 24. Qd2 Rc8 {[%cal Of8h6] Strongly threatening ...Bh6!} 25.
Kb1 $1 f4 26. Qd1 d6 27. f3 Qd5 28. Qd3 {[%csl LRa6,LRh7]} Rc7 29. Re1 Re7 (
29... Be7 $11) 30. Re4 $1 $14 e5 {[#]} (30... a5 $14 {is more appropriate.})
31. Qxa6 $1 $16 Kf7 {[#]} 32. Bb2 (32. Qc8 $142 $1) 32... Qd1+ 33. Bc1 d5 {[#]}
34. Re2 ({Stronger than} 34. Qe2 Qxe2 35. Rxe2 e4 $17) 34... Rc7 {[#]} 35. Rf2
(35. h6 $142 $1) 35... d4 $2 (35... Qd4 $16 {keeps fighting.} 36. Rf1 Qc5) 36.
Qb6 $2 ({White should play} 36. Qb5 $18 Ke6 37. Qe8+ (37. Re2 Bc5 $16) 37...
Be7 38. Qg8+ Kd6 39. Qxh7) 36... Rc3 $14 37. Qb7+ Be7 38. Qe4 Ke6 {[%cal Bf7e6,
Be6f6,Bf6g7,Bg7g6][%mdl 32]} 39. Qxh7 {Dancing on a razor blade.} Qg1 40. Qg6+
$1 Qxg6 41. hxg6 {[%mdl 4096] Endgame KRB-KRB} Kf6 42. Bd2 Rc8 43. Rg2 {
g7 is the strong threat. The position is equal.} Kg7 $1 44. Re2 Bd6 45. h4 Rh8
46. Be1 {Hoping for Rg2.} Kxg6 47. Kc1 Ra8 48. Kd2 Rxa2 49. Kd3 Kf5 50. h5 {
And now Bh4 would win.} Bf8 51. h6 Bxh6 {Weighted Error Value: White=0.13 
(very precise) /Black=0.10 (very precise)} 1/2-1/2